Statistics for New Orleans Pelicans: Most 3-PT FGs Each Year

Click here to take the quiz!

General Stats

  • This quiz has been taken 113 times
    (27 since last reset)
  • The average score is 6 of 21

Answer Stats

YearPlayer3-PT FGs% Correct
2003-2004Baron Davis187
96%
2022-2023CJ McCollum211
85%
2020-2021Lonzo Ball172
42%
2007-2008Peja Stojakovic231
42%
2008-2009Peja Stojakovic145
42%
2009-2010Peja Stojakovic132
42%
2019-2020J.J. Redick180
38%
2014-2015Eric Gordon141
35%
2013-2014Eric Gordon101
35%
2015-2016Ryan Anderson131
31%
2012-2013Ryan Anderson213
31%
2002-2003David Wesley134
19%
2017-2018Darius Miller147
12%
2018-2019Darius Miller133
12%
2021-2022Devonte' Graham192
8%
2011-2012Marco Belinelli107
8%
2010-2011Marco Belinelli134
8%
2004-2005Dan Dickau84
4%
2016-2017Langston Galloway101
0%
2006-2007Rasual Butler134
0%
2005-2006Rasual Butler92
0%

Score Distribution

Percentile by Number Answered

Percent of People with Each Score

Your Score History

You have not taken this quiz since the last reset